| 000 | 00848nam a2200313 4500 | ||
|---|---|---|---|
| 001 | 000169164 | ||
| 003 | DO-SdBNP | ||
| 005 | 20180202142502.0 | ||
| 007 | 000169164 | ||
| 008 | 851128s1979 sp 000 spa | ||
| 016 | 7 |
_a _z _2BPMUS |
|
| 017 |
_a _b |
||
| 020 | _a8425316731 | ||
| 035 | _a | ||
| 040 |
_aBPMUSU _bspa _cBPMSU _e |
||
| 041 | 1 |
_aspa _h |
|
| 080 | 0 | _a | |
| 100 | 1 |
_aWallace, Irving, _c1916 -1990. |
|
| 240 | 1 | 0 |
_aThe pigeon project _lEspañol |
| 245 | 1 | 3 |
_aEl proyecto Paloma / _cIrving Wallace ; traducido del inglés por María Antonia Menini _h |
| 250 | _a5ª ed. | ||
| 260 |
_aBarcelona : _bGrijalbo, _c 1984. |
||
| 300 |
_a405 p. ; _c18 cm. |
||
| 490 | 0 | _a | |
| 700 | 1 | 2 |
_aMenini, María Antonia _etr |
| 942 |
_2ddc _cBK |
||
| 945 | _aInventariado, 2018 /LP | ||
| 956 |
_2MATEO _310 _620160308 _8BPMSU _a00151 |
||
| 999 |
_c9146 _d9146 |
||